[Event "Stay Safe Play From Home 138"]
[Site "T#645932Emanuel Laske"]
[Date "2020.05.10"]
[Round "1"]
[White "lazieri3"]
[Black "Chess_MX"]
[Result "1-0"]
[WhiteElo "2062"]
[BlackElo "1710"]
[Annotator "TA"]
[PlyCount "65"]
[EventDate "2020.05.10"]
[EventType "swiss (blitz)"]

{[%evp 9,65,-15,29,-3,53,4,10,4,20,16,110,18,0,-140,-76,-110,-116,-131,81,-196,84,78,115,113,289,247,317,276,435,414,429,429,429,429,415,425,468,466,585,396,514,495,484,475,1316,780,5037,5037,5037,5037,5037,5029,4902,3824,29983,29983,29988,29989]} 1. e4 c5 2. Nc3 Nc6 3. d3 g6 4. Nf3 Bg7 5. Be3 b6 6. Qd2 {B30: Sicilian: 2...Nc6 3 Bb5, lines without ...g6.} e6 (6... e5 $11) 7. Be2 d5 {[#]} 8. exd5 $146 {The position is equal.} ({Predecessor:} 8. Bh6 Bxh6 9. Qd1 d4 10. Nb5 a6 11. Na3 b5 12. c3 dxc3 13. bxc3 Bg7 14. O-O Bxc3 {0-1 (45) Dong,Z-Zheng,B Changsha 2019}) 8... exd5 {[#] ...d4 is the strong threat.} 9. d4 Nf6 (9... Nge7 $11 {keeps the balance.}) 10. Bh6 (10. Bb5 $16 Bb7 11. dxc5) 10... O-O $11 11. h4 (11. Bxg7 $11 Kxg7 12. O-O-O) 11... Ne4 (11... Bxh6 $142 12. Qxh6 cxd4) 12. Nxe4 dxe4 13. Bxg7 exf3 $2 (13... Kxg7 $17 {keeps the pressure on.} 14. Bb5 exf3 15. Bxc6 fxg2 16. Bxg2 Re8+ 17. Kf1 Ba6+ 18. Kg1 Rc8) 14. Bxf3 $2 {[%mdl 8192]} (14. Bxf8 $16 fxg2 15. Rg1 Qxf8 16. dxc5 (16. d5 Nd4 $11)) 14... Kxg7 $2 (14... Qe8+ $19 15. Kf1 Kxg7) 15. Bxc6 $16 {Black is on the road to losing.} Rb8 16. O-O-O c4 $2 (16... Qxd4 $16 {is a better defense.} 17. Qxd4+ cxd4) 17. d5 Qf6 18. h5 g5 (18... Kh8 $142 19. Qb4 Rd8 20. hxg6 fxg6) 19. h6+ $18 Kh8 {[#]} 20. Qd4 $1 Qxd4 21. Rxd4 Bf5 22. Rxc4 b5 23. Rd4 a5 24. d6 Rfd8 25. Re1 Be6 26. Re5 Bxa2 (26... Rb6 $142 27. Rc5 Kg8) 27. Rxb5 Rxb5 28. Bxb5 {KRB-KRB} Be6 29. c4 Kg8 30. c5 Kf8 31. c6 Rb8 32. d7 Ke7 33. c7 {Accuracy: White = 59%, Black = 23%.} 1-0

[Event "Stay Safe Play From Home 138"]
[Site "T#645932Emanuel Laske"]
[Date "2020.05.10"]
[Round "1"]
[White "Weltszmerc"]
[Black "Sadbat1122"]
[Result "0-1"]
[WhiteElo "1997"]
[BlackElo "1550"]
[Annotator "TA"]
[PlyCount "120"]
[EventDate "2020.05.10"]
[EventType "swiss (blitz)"]

{[%evp 14,119,22,14,76,56,64,68,71,63,90,95,106,102,106,74,78,71,91,63,69,40,61,57,62,16,29,0,0,8,2,0,2,-9,0,-5,22,17,43,0,95,85,107,85,90,47,82,17,17,9,9,11,8,12,14,-193,-188,-205,-217,-215,-216,-241,-70,-135,-110,-133,-130,-133,-16,-227,-204,-334,-323,-564,-565,-569,-531,-535,-513,-658,-588,-1131,-551,-879,-479,-1312,-1260,-29961,-29961,-29961,-29964,-29963,-5122,-29987,-29988,-29990,-29989,-29991,-29991,-29994,-29995,-29998,-29998,-29998,-29999,-29999,-29997,-29999]} 1. d4 e6 2. c4 d5 3. Nf3 Nf6 4. g3 Nbd7 5. Bg2 c6 6. O-O Be7 7. Nbd2 O-O 8. Qc2 Qa5 {E09: Closed Catalan: Main Line: 7 Qc2 c6 8 Nbd2.} (8... b6 $11) 9. e4 $16 dxe4 10. Nxe4 Nxe4 {White is slightly better.} 11. Qxe4 Nf6 12. Qe2 {[#]} Bb4 $146 ({Predecessor:} 12... Qh5 13. Bd2 Rd8 14. Rfe1 a5 15. h3 Ne8 16. g4 {½-½ (49) Montgomery,R (2290)-Rotaru,I (2257) ICCF email 2011}) 13. a3 {And now c5 would win.} Bd6 14. c5 Be7 15. b4 Qd8 16. Rd1 Nd5 {Black wants to play ...Nc3.} 17. Qc2 Bd7 18. Ne5 f6 19. Nxd7 (19. Nc4 {seems wilder.} b5 20. Na5 f5 21. Re1 Bf6 22. Qd3) 19... Qxd7 20. Bh3 f5 21. Re1 Bf6 22. Bb2 Rae8 23. Rad1 g5 24. Bf1 g4 25. Bc1 Bg7 26. b5 Nf6 (26... cxb5 $11 {keeps the balance.} 27. h3 gxh3) 27. a4 Ne4 28. Qc4 Qd5 29. Bf4 Rd8 {[%cal Rg7d4]} 30. bxc6 (30. Qxd5 $16 exd5 31. Re3) 30... bxc6 $11 31. Qxd5 exd5 32. Re3 Rde8 33. Rb3 Rf7 34. Rdb1 $2 (34. Kg2 $11) 34... Bxd4 $19 {[%mdl 64] [#] Double Attack} 35. Be3 Bxe3 ({Don't take} 35... Bxc5 36. Bxc5 Nxc5 37. Rc3 $17) 36. Rxe3 Rfe7 37. Bd3 Nxc5 $2 ({Black should try} 37... Kf7 $19 {Strongly threatening ...Kf6.} 38. f4 Kf6 39. Bxe4 fxe4) 38. Rxe7 ({Better is} 38. Bxf5 $15 Rxe3 39. fxe3) 38... Rxe7 $17 39. Bxf5 Nxa4 40. Bxg4 $19 {[%mdl 4096] Endgame KRB-KRN} Nc3 (40... c5 $17 41. Rb5 Rc7) 41. Rc1 $2 (41. Rb8+ $11 Kg7 42. Rc8) 41... d4 42. Kf1 (42. Ra1 {was forced.}) 42... c5 {[%cal Bc6c5,Bc5c4][%mdl 32]} 43. Re1 $2 (43. Bc8) 43... Rxe1+ 44. Kxe1 {KB-KN} Kf7 45. Kd2 Ne4+ 46. Ke2 Kf6 47. f4 c4 {[#] Threatens to win with ...c3.} 48. Bf3 Nc3+ 49. Kd2 (49. Ke1 $142 a5 50. Bb7) 49... a5 50. Bc6 a4 51. g4 a3 52. g5+ Ke7 (52... Kf5 $142 53. Kc2 Kxf4 54. h3 Ne2 55. Kb1 d3 56. Ka2 c3 57. Bb5 c2 58. Kxa3 c1=Q+ 59. Ka4 Nc3+ 60. Kb4 Nd5+ 61. Kb3 Qc3+ 62. Ka2 Nb4+ 63. Kb1 Qc2+ 64. Ka1 Qc1#) 53. f5 a2 {Black mates.} 54. f6+ Kf8 55. g6 hxg6 56. f7 a1=Q {[%csl Gc3][%cal Ra1d1]} 57. Kc2 Qa2+ 58. Kc1 Qb1+ 59. Kd2 Qd3+ 60. Ke1 Qe2# {Accuracy: White = 44%, Black = 68%.} 0-1

[Event "Stay Safe Play From Home 138"]
[Site "T#645932Emanuel Laske"]
[Date "2020.05.10"]
[Round "1"]
[White "NeatFox"]
[Black "Özgür7"]
[Result "1-0"]
[WhiteElo "1844"]
[BlackElo "1615"]
[Annotator "NA RC"]
[PlyCount "57"]
[EventDate "2020.05.10"]
[EventType "swiss (blitz)"]

1. e4 {[%emt 0:00:03]} e5 {[%emt 0:00:06]} 2. Nf3 {[%emt 0:00:01]} Nf6 {[%emt 0:00:03]} 3. Nxe5 {[%emt 0:00:01]} d6 {[%emt 0:00:04]} 4. Nf3 {[%emt 0:00:01]} Nxe4 {[%emt 0:00:04]} 5. d4 {[%emt 0:00:00]} d5 {[%emt 0:00:06]} 6. c4 {[%emt 0:00:03]} c6 {[%emt 0:00:06]} 7. cxd5 {[%emt 0:00:01]} cxd5 {[%emt 0:00:04]} 8. Bd3 {[%emt 0:00:01]} Be7 {[%emt 0:00:15]} 9. O-O {[%emt 0:00:03]} O-O {[%emt 0:00:07]} 10. Nc3 {[%emt 0:00:02]} Nf6 {[%emt 0:00:24]} 11. Qb3 {[%emt 0:00:15]} Nc6 {[%emt 0:00:24]} 12. Be3 {[%emt 0:00:04]} b6 {[%emt 0:00:15]} 13. Ne5 {[%emt 0:00:05]} Bb7 {[%emt 0:00:32]} 14. Nxc6 {[%emt 0:00:15]} Bxc6 {[%emt 0:00:17]} 15. Rac1 {[%emt 0:00:05]} Rc8 {[%emt 0:00:06]} 16. Bb1 {[%emt 0:00:01]} Qd6 {[%emt 0:00:28]} 17. Nb5 {[%emt 0:00:05]} Bxb5 {[%emt 0:00:05]} 18. Qxb5 {[%emt 0:00:01]} Rxc1 {[%emt 0:00:04]} 19. Rxc1 {[%emt 0:00:00]} Ng4 {[%emt 0:00:12]} 20. g3 {[%emt 0:00:09]} Nxe3 {[%emt 0:00:10]} 21. fxe3 {[%emt 0:00:01]} Qe6 {[%emt 0:00:06]} 22. Qd3 {[%emt 0:00:03]} Qh3 {[%emt 0:00:09]} 23. Rf1 {[%emt 0:00:07]} Bd6 {[%emt 0:00:09]} 24. Rf3 {[%emt 0:00:11]} g6 {[%emt 0:00:08]} 25. e4 {[%emt 0:00:03]} dxe4 {[%emt 0:00:17]} 26. Qxe4 {[%emt 0:00:00]} Rc8 {[%emt 0:00:09]} 27. Qe3 {[%emt 0:00:08]} Bb8 {[%emt 0:00:09]} 28. Be4 {[%emt 0:00:16]} Rc1+ {[%emt 0:00:02] '} 29. Qxc1 {[%emt 0:00:02] Zaman (Lag: Av=0.56s, max=1.1s)} 1-0

[Event "Stay Safe Play From Home 138"]
[Site "T#645932Emanuel Laske"]
[Date "2020.05.10"]
[Round "1"]
[White "Zacko1"]
[Black "Apitzsch"]
[Result "1-0"]
[WhiteElo "1822"]
[BlackElo "1964"]
[Annotator "TA"]
[PlyCount "157"]
[EventDate "2020.05.10"]
[EventType "swiss (blitz)"]

{[%evp 13,157,20,15,18,15,-9,0,-12,8,0,8,-46,12,12,26,13,38,33,65,54,53,10,262,266,237,140,148,24,22,23,38,0,124,0,0,-24,-6,-14,54,51,95,100,104,98,111,111,117,112,225,233,327,151,130,36,202,35,34,37,34,33,37,12,52,51,51,51,54,54,71,41,35,34,47,20,20,20,66,60,76,73,80,66,58,60,87,87,87,89,97,96,97,97,104,97,106,12,20,12,14,4,4,0,8,8,12,6,17,11,15,0,22,6,6,0,24,0,17,6,18,11,32,11,11,11,20,11,28,28,29978,29979,29985,12807,29983,12464,12391,12296,12512,12298,12784,5532,29995,29996,29996,29996,29997,5060]} 1. c4 Nf6 2. Nc3 d6 3. g3 c6 4. Bg2 g6 5. d3 Bg7 6. Nf3 O-O 7. O-O Nbd7 {[%cal Bb8d7,Bd7f8,Bf8e6][%mdl 32]} 8. h3 {A16: English Opening: 1...Nf6 with ...d5.} e5 9. Be3 Re8 {[#]} 10. Qd2 $146 {The position is equal.} ({Predecessor:} 10. Qc2 Nc5 11. Rfe1 Ne6 12. Rad1 d5 13. d4 exd4 14. Nxd4 Nxd4 15. Bxd4 dxc4 16. Bxa7 {½-½ (35) Kolkman,C (1982)-Ramsden,J (2067) ICCF email 2013}) 10... Nf8 11. Rad1 Ne6 12. Bg5 (12. Bh6 $11) 12... Qc7 (12... Nxg5 $15 13. Qxg5 a6) 13. Bh6 $11 Bh8 14. Ng5 Nxg5 (14... d5 {keeps more tension.} 15. e4 Nxg5 16. Bxg5 d4 17. Ne2 Bg7) 15. Bxg5 Bd7 16. e4 a6 17. f4 {fxe5 is the strong threat.} b5 $2 {[%mdl 8192]} (17... Nh5 $11 {and Black is okay.}) 18. fxe5 $18 Nh5 19. exd6 (19. Qf2 $18 {[%csl Gf1][%cal Rf2f7]} Bxe5 20. d4 (20. Qxf7+ Kh8 $16)) 19... Qxd6 20. Bf4 (20. g4 $1 $16 {[%cal Rg4h5]} Ng3 21. Rfe1 Bd4+ 22. Be3) 20... Nxf4 $11 21. gxf4 Qd4+ 22. Qf2 c5 (22... Qxf2+ $11 {remains equal.} 23. Kxf2 Bd4+ 24. Kg3 Red8) 23. Qxd4 (23. e5 $16) 23... Bxd4+ 24. Kh1 bxc4 25. dxc4 Be6 ({Black should play} 25... Rab8 $11) 26. Nd5 $14 Bxd5 27. cxd5 Bxb2 28. e5 Rad8 29. d6 c4 30. Bd5 Kg7 (30... c3 $16 {was called for.}) 31. Bxc4 $18 g5 (31... Rb8 {keeps fighting.} 32. Bxa6 Rb4) 32. d7 ({Don't take} 32. fxg5 Rd7 $18) ({Not} 32. Bxa6 gxf4 33. Rxf4 Bxe5 $16) (32. Rf2 $18 {and White stays clearly on top.} Bc3 33. Rg2 (33. Bxa6 gxf4 34. Rxf4 Rxe5 $16)) 32... Re7 $16 {[#]} 33. fxg5 (33. Rd2 $1 $16 {[%cal Rd2b2]} Bc3 34. Rg2) 33... Bxe5 $2 {[#]} (33... Rdxd7 $14 34. e6 (34. Bxa6 Rxd1 35. Rxd1 Rxe5 $11) 34... fxe6) 34. Bxa6 $2 (34. Rfe1 $1 $18) 34... Rexd7 $14 35. Rxd7 Rxd7 $16 {[%mdl 4096] Endgame KRB-KRB} 36. Bc4 Rc7 37. Bb3 f6 38. gxf6+ Bxf6 39. Kg2 h5 40. Rf3 h4 41. Rf4 Rc3 42. Rg4+ Kh7 43. Rc4 Rg3+ 44. Kh2 Be5 {And now ...Rxb3+ would win.} 45. Rxh4+ Kg7 {aiming for ...Rg4+.} 46. Kh1 Kf6 47. Rh6+ Kg5 48. Rh7 Rd3 49. Kg2 Rg3+ 50. Kf2 Rd3 51. Ke2 Rg3 52. Be6 Kf6 53. Bd5 Bd4 54. Rf7+ (54. Bf3 $16) 54... Ke5 $11 55. Bb7 Rxh3 56. Re7+ Kd6 57. Re8 Rh2+ 58. Kd3 Bb6 59. Ra8 Kc7 60. Be4 Rh3+ 61. Kc4 Rh6 62. a4 {[%cal Ba2a4,Ba4a5][%mdl 32]} Rh4 63. Kd5 Rh2 64. a5 Bg1 65. a6 Ra2 66. Ke6 Kb6 67. Bb7 Re2+ 68. Kd5 Ka5 69. Rc8 Re7 70. Rc1 Kb6 $2 {[%mdl 8192]} (70... Ba7 $11) 71. Rxg1 {KRB-KR} Ka7 72. Rg8 (72. Kc5 $142 Rd7 73. Bd5 Re7 74. Kb5 Rd7 75. Rg5 Rh7 76. Rf5 Kb8 77. Rf8+ Kc7 78. a7) 72... Kb6 73. Ra8 (73. Rg6+ $142 Ka7 74. Kc5 Rf7 75. Rd6 Rh7 76. Bd5 Rg7 77. Kb5 Kb8 78. Rd8+ Kc7 79. Rg8) 73... Rg7 74. Ke6 Rh7 75. Rf8 Ka7 76. Rf6 Re7+ 77. Kxe7 {White mates.} Kb8 78. Kd6 Ka7 79. Kc6 {Accuracy: White = 67%, Black = 63%.} 1-0

[Event "Stay Safe Play From Home 138"]
[Site "T#645932Emanuel Laske"]
[Date "2020.05.10"]
[Round "1"]
[White "Greblah"]
[Black "Trotsky"]
[Result "1-0"]
[WhiteElo "1762"]
[BlackElo "1565"]
[Annotator "NA RC"]
[PlyCount "35"]
[EventDate "2020.05.10"]
[EventType "swiss (blitz)"]

1. e4 {[%emt 0:00:01]} c5 {[%emt 0:00:01]} 2. Nc3 {[%emt 0:00:02]} Nc6 {[%emt 0:00:02]} 3. g3 {[%emt 0:00:01]} Nf6 {[%emt 0:00:01]} 4. Bg2 {[%emt 0:00:01]} e6 {[%emt 0:00:01]} 5. d3 {[%emt 0:00:01]} d5 {[%emt 0:00:01]} 6. Nf3 {[%emt 0:00:06]} d4 {[%emt 0:00:03]} 7. Ne2 {[%emt 0:00:01]} Qc7 {[%emt 0:00:02]} 8. O-O {[%emt 0:00:07]} Bd6 {[%emt 0:00:04]} 9. Ng5 {[%emt 0:00:08]} Bd7 {[%emt 0:00:04]} 10. f4 {[%emt 0:00:01]} O-O-O {[%emt 0:00:03]} 11. e5 {[%emt 0:00:02]} Nxe5 {[%emt 0:00:01]} 12. fxe5 {[%emt 0:00:01]} Bxe5 {[%emt 0:00:01]} 13. Bf4 {[%emt 0:00:05]} Rdf8 {[%emt 0:00:03]} 14. Qd2 {[%emt 0:00:15]} h5 {[%emt 0:00:02]} 15. Bxe5 {[%emt 0:00:03]} Qxe5 {[%emt 0:00:02]} 16. Ne4 {[%emt 0:00:11]} Ng4 {[%emt 0:00:05]} 17. Qf4 {[%emt 0:00:11]} Qd5 {[%emt 0:00:05]} 18. Nd6+ {[%emt 0:00:07] Trotsky Ñäàåòñÿ (Lag: Av=0.30s, max=1.0s)} 1-0

[Event "Stay Safe Play From Home 138"]
[Site "T#645932Emanuel Laske"]
[Date "2020.05.10"]
[Round "1"]
[White "Kongle"]
[Black "Ortznoi"]
[Result "0-1"]
[WhiteElo "1735"]
[BlackElo "1876"]
[Annotator "NA RC"]
[PlyCount "54"]
[EventDate "2020.05.10"]
[EventType "swiss (blitz)"]

1. e4 {[%emt 0:00:06]} c6 {[%emt 0:00:02]} 2. d4 {[%emt 0:00:04]} d5 {[%emt 0:00:02]} 3. e5 {[%emt 0:00:01]} Bf5 {[%emt 0:00:02]} 4. c4 {[%emt 0:00:02]} e6 {[%emt 0:00:02]} 5. Nc3 {[%emt 0:00:01]} Nd7 {[%emt 0:00:02]} 6. g4 {[%emt 0:00:03]} Bg6 {[%emt 0:00:02]} 7. h4 {[%emt 0:00:01]} h6 {[%emt 0:00:01]} 8. h5 {[%emt 0:00:02]} Bh7 {[%emt 0:00:02]} 9. Nh3 {[%emt 0:00:01]} Be7 {[%emt 0:00:11]} 10. Bf4 {[%emt 0:00:06]} Qb6 {[%emt 0:00:04]} 11. b3 {[%emt 0:00:09]} Bb4 {[%emt 0:00:12]} 12. Rc1 {[%emt 0:00:02]} Qa5 {[%emt 0:00:02]} 13. Bd2 {[%emt 0:00:06]} Ne7 {[%emt 0:00:04]} 14. Be2 {[%emt 0:00:16]} dxc4 {[%emt 0:00:06]} 15. Bxc4 {[%emt 0:00:04]} a6 {[%emt 0:00:12]} 16. O-O {[%emt 0:00:03]} c5 {[%emt 0:00:15]} 17. Nf4 {[%emt 0:00:24]} cxd4 {[%emt 0:00:05]} 18. Nb1 {[%emt 0:00:15]} Bxd2 {[%emt 0:00:09]} 19. Nxd2 {[%emt 0:00:03]} Nxe5 {[%emt 0:00:02]} 20. Bxe6 {[%emt 0:00:13]} Qxd2 {[%emt 0:00:10]} 21. Bxf7+ {[%emt 0:00:35]} Kxf7 {[%emt 0:00:09]} 22. Qxd2 {[%emt 0:00:05]} Nf3+ {[%emt 0:00:02]} 23. Kg2 {[%emt 0:00:03]} Nxd2 {[%emt 0:00:01]} 24. Rfe1 {[%emt 0:00:04]} Rhc8 {[%emt 0:00:10]} 25. Rcd1 {[%emt 0:00:11]} Be4+ {[%emt 0:00:20]} 26. Kg3 {[%emt 0:00:12]} Rc3+ {[%emt 0:00:03]} 27. Kh4 {[%emt 0:00:05]} Nf3+ {[%emt 0:00:03] Kongle resigns (Lag: Av=0.57s, max=0.7s)} 0-1

[Event "Stay Safe Play From Home 138"]
[Site "T#645932Emanuel Laske"]
[Date "2020.05.10"]
[Round "1"]
[White "Timbre"]
[Black "Dukic"]
[Result "0-1"]
[WhiteElo "1649"]
[BlackElo "1841"]
[Annotator "NA RC"]
[PlyCount "54"]
[EventDate "2020.05.10"]
[EventType "swiss (blitz)"]

1. d4 {[%emt 0:00:18]} c6 {[%emt 0:00:03]} 2. Nf3 {[%emt 0:00:01]} d6 {[%emt 0:00:01]} 3. c3 {[%emt 0:00:01]} Bg4 {[%emt 0:00:02]} 4. Bg5 {[%emt 0:00:04]} Nd7 {[%emt 0:00:02]} 5. e3 {[%emt 0:00:02]} Qb6 {[%emt 0:00:02]} 6. Qb3 {[%emt 0:00:07]} Qa5 {[%emt 0:00:08]} 7. Be2 {[%emt 0:00:04]} Bxf3 {[%emt 0:00:03]} 8. Bxf3 {[%emt 0:00:02]} Qxg5 {[%emt 0:00:02]} 9. O-O {[%emt 0:00:03]} Rb8 {[%emt 0:00:04]} 10. Nd2 {[%emt 0:00:02]} Ngf6 {[%emt 0:00:02]} 11. Qa4 {[%emt 0:00:05]} a6 {[%emt 0:00:04]} 12. Qd1 {[%emt 0:00:02]} e5 {[%emt 0:00:02]} 13. dxe5 {[%emt 0:00:02]} dxe5 {[%emt 0:00:02]} 14. Qe2 {[%emt 0:00:05]} Bd6 {[%emt 0:00:13]} 15. g3 {[%emt 0:00:01]} h5 {[%emt 0:00:05]} 16. h4 {[%emt 0:00:04]} Qg6 {[%emt 0:00:03]} 17. Bg2 {[%emt 0:00:05]} Bc7 {[%emt 0:00:02]} 18. Nf3 {[%emt 0:00:02]} e4 {[%emt 0:00:17]} 19. Nd4 {[%emt 0:00:03]} c5 {[%emt 0:00:04]} 20. Nc2 {[%emt 0:00:02]} O-O {[%emt 0:00:11]} 21. Rae1 {[%emt 0:00:05]} Rbd8 {[%emt 0:00:01]} 22. b4 {[%emt 0:00:02]} b6 {[%emt 0:00:02]} 23. bxc5 {[%emt 0:00:02]} bxc5 {[%emt 0:00:02]} 24. Qxa6 {[%emt 0:00:04]} Ne5 {[%emt 0:00:04]} 25. Qe2 {[%emt 0:00:04]} Qf5 {[%emt 0:00:07]} 26. Na3 {[%emt 0:00:05]} Nf3+ {[%emt 0:00:03]} 27. Bxf3 {[%emt 0:00:06]} exf3 {[%emt 0:00:01] Timbre resigns (Lag: Av=0.38s, max=4.6s)} 0-1

[Event "Stay Safe Play From Home 138"]
[Site "T#645932Emanuel Laske"]
[Date "2020.05.10"]
[Round "1"]
[White "Justwatch"]
[Black "Edmatuag"]
[Result "0-1"]
[WhiteElo "1483"]
[BlackElo "1703"]
[Annotator "NA RC"]
[PlyCount "54"]
[EventDate "2020.05.10"]
[EventType "swiss (blitz)"]

1. e4 {[%emt 0:00:04]} e6 {[%emt 0:00:04]} 2. Nf3 {[%emt 0:00:01]} d5 {[%emt 0:00:02]} 3. exd5 {[%emt 0:00:00]} exd5 {[%emt 0:00:04]} 4. d4 {[%emt 0:00:00]} Bd6 {[%emt 0:00:01]} 5. Be3 {[%emt 0:00:00]} Ne7 {[%emt 0:00:03]} 6. Nbd2 {[%emt 0:00:00]} O-O {[%emt 0:00:01]} 7. c4 {[%emt 0:00:00]} c6 {[%emt 0:00:02]} 8. c5 {[%emt 0:00:01]} Bc7 {[%emt 0:00:01]} 9. a3 {[%emt 0:00:00]} Nf5 {[%emt 0:00:07]} 10. Qb3 {[%emt 0:00:04]} Nxe3 {[%emt 0:00:12]} 11. fxe3 {[%emt 0:00:01]} Nd7 {[%emt 0:00:01]} 12. O-O-O {[%emt 0:00:05]} b6 {[%emt 0:00:06]} 13. Kb1 {[%emt 0:00:07]} bxc5 {[%emt 0:00:07]} 14. dxc5 {[%emt 0:00:00]} Nxc5 {[%emt 0:00:06]} 15. Qc3 {[%emt 0:00:03]} Qe7 {[%emt 0:00:14]} 16. Nd4 {[%emt 0:00:02]} Bd7 {[%emt 0:00:12]} 17. Bd3 {[%emt 0:00:02]} Nxd3 {[%emt 0:00:03]} 18. Qxd3 {[%emt 0:00:02]} c5 {[%emt 0:00:03]} 19. N4f3 {[%emt 0:00:02]} Be6 {[%emt 0:00:08]} 20. Nf1 {[%emt 0:00:07]} Rab8 {[%emt 0:00:05]} 21. Ng3 {[%emt 0:00:03]} c4 {[%emt 0:00:12]} 22. Qd4 {[%emt 0:00:02]} Qxa3 {[%emt 0:00:18]} 23. Nh5 {[%emt 0:00:07]} f6 {[%emt 0:00:03]} 24. Nxg7 {[%emt 0:00:06]} Kxg7 {[%emt 0:00:10]} 25. Rc1 {[%emt 0:00:01]} Bf5+ {[%emt 0:00:07]} 26. Rc2 {[%emt 0:00:03]} Qb3 {[%emt 0:00:08]} 27. Rhc1 {[%emt 0:00:03]} c3 {[%emt 0:00:11] Justwatch terk eder (Lag: Av=0.46s, max=0.8s)} 0-1

[Event "Stay Safe Play From Home 138"]
[Site "T#645932Emanuel Laske"]
[Date "2020.05.10"]
[Round "1"]
[White "Nagaram"]
[Black "Haris kollari 13"]
[Result "0-1"]
[WhiteElo "1362"]
[BlackElo "1919"]
[Annotator "TA"]
[PlyCount "96"]
[EventDate "2020.05.10"]
[EventType "swiss (blitz)"]

{[%evp 11,95,34,34,30,47,43,20,-17,-14,-14,0,0,31,-25,-16,-26,31,10,225,221,1654,245,212,220,208,4,23,-45,0,-37,-42,-44,-47,-46,-37,-53,-43,-47,0,-41,-10,-129,-131,-127,-37,-37,-37,-29,281,-273,-273,-270,-260,-290,-284,-308,-251,-260,-128,-105,-44,-277,-291,-696,-699,-29974,-636,-29984,-29960,-29959,-29959,-29943,-29948,-6536,-6448,-29996,-29997,-29997,-29993,-29996,-29997,-29998,-29997,-29998,-29997,-29999]} 1. e4 e6 2. Nf3 d5 3. exd5 exd5 4. d4 c6 5. c4 Bg4 6. Nc3 Nf6 7. h3 {C01: French: Exchange Variation.} Bh5 8. cxd5 Nxd5 9. Nxd5 {[#] The position is equal.} Qxd5 $146 ({Predecessor:} 9... cxd5 10. Qb3 Qe7+ 11. Be2 Qb4+ 12. Qxb4 Bxb4+ 13. Bd2 Bxd2+ 14. Nxd2 Bxe2 15. Kxe2 O-O {½-½ (43) Rodriguez,J (1667)-Elverdin,J (1822) Buenos Aires 2018}) 10. Be2 Bb4+ 11. Bd2 $1 {[%cal Rd2b4]} Bd6 12. Bc3 (12. O-O $14) 12... O-O 13. O-O Re8 (13... Nd7 $11) 14. Re1 Qf5 $2 {[#]} (14... Nd7 $11) 15. Nh4 $18 Bxe2 $2 (15... Qg5) 16. Rxe2 $2 (16. Nxf5 Na6 17. Rxe2) 16... Qd7 17. Rxe8+ Qxe8 18. Qe1 $2 (18. Nf5 $18 Bf8 19. Qg4) 18... Nd7 19. Nf3 ({White should play} 19. d5 $11) 19... Kf8 20. Qxe8+ (20. Qb1 {with more complications.} Kg8 21. Qe1) 20... Rxe8 21. Re1 Rxe1+ 22. Nxe1 $15 {[%mdl 4096] Endgame KBN-KBN} Nf6 23. Nf3 h6 24. Kf1 b5 25. a3 Ne4 26. Ke2 (26. Bb4 $11) 26... Nxc3+ $17 27. bxc3 Bxa3 {KB-KN} ({Black should try} 27... f6 $17 28. Ne1 Bxa3) 28. Ne5 $15 c5 29. dxc5 Bxc5 $2 {[%mdl 8192]} (29... Ke8 $11) 30. Nd3 $4 {[%mdl 8192]} (30. Nd7+ $18 Ke7 31. Nxc5) 30... Bd6 $19 31. Kd2 a5 32. Kc2 Ke7 33. Kb3 Ke6 34. c4 b4 (34... a4+ $19 {has better winning chances.} 35. Kc3 bxc4 36. Kxc4 h5) 35. Ka4 $17 Bc7 36. c5 $2 (36. Nc1 $1 $15) 36... Kd5 $19 37. g3 $2 (37. Kb5) 37... Kc4 38. Nf4 Kxc5 (38... Bxf4 $142 39. gxf4 Kxc5 40. Kb3 {[#]} a4+ $1 {[%mdl 576] Deflection} 41. Kxa4 Kc4 42. f5 b3 43. Ka3 Kc3 44. Ka4 b2 45. Kb5 b1=Q+ 46. Kc6 Qxf5 47. Kc7 Qxh3 48. Kd8 Qh4+ 49. Ke8 Qxf2 50. Kf8 h5 51. Ke8 h4 52. Ke7 h3 53. Ke8 h2 54. Ke7 h1=Q 55. Kf8 Qh8+ 56. Ke7 Qf6+ 57. Kd7 Qhd8#) 39. Nh5 Be5 40. f4 Bd4 41. g4 Kc4 42. Ng3 b3 43. Ne2 b2 {Black mates.} 44. Nxd4 Kxd4 45. Kxa5 b1=Q 46. g5 hxg5 47. fxg5 Kc4 {[%csl Gc4][%cal Rb1b5]} 48. h4 Qb5# {Quite a comeback for Black. Accuracy: White = 43%, Black = 48%.} 0-1

[Event "Stay Safe Play From Home 138"]
[Site "T#645932Emanuel Laske"]
[Date "2020.05.10"]
[Round "2"]
[White "lazieri3"]
[Black "NeatFox"]
[Result "1-0"]
[WhiteElo "2066"]
[BlackElo "1851"]
[Annotator "TA"]
[PlyCount "89"]
[EventDate "2020.05.10"]
[EventType "swiss (blitz)"]

{[%evp 9,89,25,43,35,29,33,36,37,50,20,20,20,21,22,38,19,16,16,62,47,53,25,106,77,73,73,68,68,124,41,245,227,250,245,245,237,940,681,1586,711,676,553,599,592,596,593,564,558,683,681,673,671,673,656,639,652,694,689,858,757,877,789,824,813,866,819,1160,1053,1948,1985,1572,1563,29980,29981,29985,29986,29986,29986,29986,29987,29988,29988]} 1. e4 b6 2. d4 Bb7 3. Nc3 e6 4. Nf3 d5 5. Bd3 dxe4 6. Bxe4 {B00: Queen's Fianchetto Defence, Nimzowitsch Defence.} Bxe4 7. Nxe4 {[#]} Nf6 $146 ({Predecessor:} 7... Be7 8. O-O Nf6 9. Qe2 O-O 10. Bf4 Nbd7 11. Rad1 Nxe4 12. Qxe4 Nf6 13. Qe2 h6 14. Ne5 Qd5 15. a3 Qe4 16. Qd2 c5 17. Rfe1 Qxd4 18. Qc1 Qa4 19. Rd3 h5 {0-1 (29) Beltz,F-Wagle,M Willingen 2001}) 8. Bg5 {White is slightly better.} Be7 9. Nxf6+ (9. Bxf6 {keeps more tension.} Bxf6 10. Qd3 O-O 11. O-O-O Be7 12. c4) 9... Bxf6 10. Bxf6 Qxf6 11. O-O O-O 12. c3 Rd8 13. Qe2 c5 14. dxc5 bxc5 15. Qe4 Na6 (15... Nd7 $11 {remains equal.}) 16. Rad1 $36 {[%mdl 2048] White is in control.} Qe7 17. Ne5 Qc7 18. h3 Rab8 (18... h6 $14) 19. b3 ({White should play} 19. Nc6 $16 Rxd1 20. Rxd1) 19... Rxd1 $2 {Black cannot hold the game after this.} (19... Rbc8 $1 $14) 20. Rxd1 $18 {Threatens to win with Rd7.} Rd8 21. Rxd8+ Qxd8 22. Qb7 Qd1+ $2 {[#]} (22... Nc7 23. Qxa7 f6) 23. Kh2 $1 {[%mdl 512]} h6 24. Qxa6 (24. Qxf7+ $142 Kh7 25. Nd7 Qd6+ 26. f4) 24... Qd5 25. Qe2 Qd6 {and the idea ...f6 leaves Black hopeful.} 26. f4 f6 27. Nd3 g5 28. g3 gxf4 29. Nxf4 e5 30. Qg4+ Kf8 31. Ng2 Kf7 32. c4 a5 33. Qe2 Qe6 34. Ne3 f5 35. Qf3 Kg6 36. g4 f4 37. Nd5 a4 {[#]} 38. Qxf4 $3 {[%mdl 512]} axb3 (38... exf4 39. Nxf4+) 39. Qe4+ Kg7 40. axb3 Kf8 41. Qf5+ {White mates.} Qxf5 42. gxf5 Kf7 43. f6 e4 44. Kg3 Ke6 45. Kf4 {Accuracy: White = 72%, Black = 41%.} 1-0